[Event "Torneo Benidorm Gran Hotel Bali - B 2022"]
[Site "Benidorm ESP"]
[Date "2022.12.08"]
[Round "7.5"]
[White "Kita Ruiz, Ichiro"]
[Black "Oreshkin, Vladislav"]
[Result "0-1"]
[WhiteElo "1841"]
[BlackElo "1912"]
[PlyCount "214"]
[EventDate "2022.12.03"]
[EventType "swiss"]
[EventRounds "9"]
[EventCountry "ESP"]
[SourceTitle "Ajedrez en Madrid"]
[Source "lmi"]
[SourceDate "2022.12.03"]
[SourceVersion "1"]
[SourceVersionDate "2022.12.10"]
[SourceQuality "1"]

1. c4 {[%emt 0:00:01]} b6 {[%emt 0:05:54]} 2. g3 {[%emt 0:00:20]} Bb7 {[%emt 0:00:03]} 3. Nf3 {[%emt 0:00:15]} Bxf3 {[%emt 0:00:54]} 4. exf3 {[%emt 0:00:05]} c5 5. d4 {[%emt 0:00:08]} cxd4 {[%emt 0:00:12]} 6. Qxd4 {[%emt 0:00:06]} Nc6 {[%emt 0:00:02]} 7. Qd1 {[%emt 0:00:10]} g6 {[%emt 0:01:27]} 8. Nc3 {[%emt 0:10:47]} Bg7 {[%emt 0:02:03]} 9. Bd2 {[%emt 0:00:52]} Nf6 {[%emt 0:00:53]} 10. Rc1 {[%emt 0:01:10]} Rc8 {[%emt 0:00:58]} 11. b3 {[%emt 0:06:36]} O-O {[%emt 0:01:10]} 12. Bg5 {[%emt 0:06:31]} h6 {[%emt 0:04:36]} 13. Be3 {[%emt 0:00:27]} Nb4 {[%emt 0:15:12]} 14. Bh3 {[%emt 0:06:41]} Rc6 {[%emt 0:08:30]} 15. O-O {[%emt 0:03:03]} d6 {[%emt 0:05:36]} 16. Qd2 {[%emt 0:02:16]} Kh7 {[%emt 0:00:25]} 17. Nb5 {[%emt 0:08:08]} a5 {[%emt 0:00:29]} 18. Na7 {[%emt 0:07:09]} Rc5 {[%emt 0:00:14]} 19. Bxc5 {[%emt 0:00:29]} dxc5 {[%emt 0:00:41]} 20. Qxd8 {[%emt 0:04:03]} Rxd8 21. a3 {[%emt 0:00:28]} Ra8 {[%emt 0:01:06]} 22. axb4 {[%emt 0:06:03]} Rxa7 {[%emt 0:03:24]} 23. bxc5 {[%emt 0:00:34]} bxc5 {[%emt 0:00:02]} 24. Rfd1 {[%emt 0:00:40]} Ne8 {[%emt 0:05:44]} 25. Rd8 {[%emt 0:04:11]} Nd6 {[%emt 0:00:27]} 26. Bd7 {[%emt 0:06:01]} Bf6 {[%emt 0:02:31]} 27. Ba4 {[%emt 0:01:38]} Kg7 {[%emt 0:01:21]} 28. h4 {[%emt 0:03:35]} Bd4 {[%emt 0:02:50]} 29. Kg2 {[%emt 0:01:44]} Bf6 {[%emt 0:01:49]} 30. Kh3 {[%emt 0:03:05]} Bd4 {[%emt 0:02:31]} 31. Rc2 {[%emt 0:00:04]} Kf6 {[%emt 0:02:04]} 32. g4 {[%emt 0:02:46]} Be5 {[%emt 0:05:02]} 33. Kg2 {[%emt 0:04:18]} Bf4 {[%emt 0:01:55]} 34. Kf1 {[%emt 0:01:01]} Be5 {[%emt 0:01:43]} 35. Ke2 {[%emt 0:00:15]} Bf4 {[%emt 0:00:54]} 36. Kd3 {[%emt 0:00:06]} Be5 {[%emt 0:02:16]} 37. Rc1 {[%emt 0:01:24]} Kg7 {[%emt 0:00:54]} 38. Kc2 {[%emt 0:00:38]} Bd4 {[%emt 0:02:03]} 39. Rf1 {[%emt 0:01:01]} Kf6 {[%emt 0:00:36]} 40. f4 {[%emt 0:02:33]} Ke6 {[%emt 0:04:24]} 41. Bc6 {[%emt 0:01:13]} Kf6 {[%emt 0:01:27]} 42. Kd3 {[%emt 0:00:45]} Kg7 {[%emt 0:01:08]} 43. f3 {[%emt 0:01:12]} Ra6 {[%emt 0:00:40]} 44. Bb5 {[%emt 0:00:56]} Ra7 {[%emt 0:00:23]} 45. Ke2 {[%emt 0:02:10]} Nxb5 {[%emt 0:02:03]} 46. cxb5 {[%emt 0:00:10]} Rb7 47. Ra8 {[%emt 0:02:33]} Rxb5 {[%emt 0:00:16]} 48. Rd1 {[%emt 0:00:35]} Rxb3 {[%emt 0:00:35]} 49. Rxa5 {[%emt 0:00:22]} Re3+ {[%emt 0:00:22]} 50. Kf2 {[%emt 0:02:28]} Ra3+ {[%emt 0:04:28]} 51. Rxd4 {[%emt 0:00:02]} Rxa5 {[%emt 0:00:01]} 52. Rd7 {[%emt 0:00:08]} Kf6 {[%emt 0:00:36]} 53. Rc7 {[%emt 0:00:19]} e6 {[%emt 0:00:40]} 54. g5+ {[%emt 0:01:05]} hxg5 {[%emt 0:01:04]} 55. hxg5+ {[%emt 0:00:59]} Kg7 {[%emt 0:00:18]} 56. Ke3 {[%emt 0:00:02]} Ra3+ {[%emt 0:00:56]} 57. Ke4 {[%emt 0:00:58]} Ra4+ {[%emt 0:00:34]} 58. Ke5 {[%emt 0:00:29]} c4 {[%emt 0:00:38]} 59. Rc5 {[%emt 0:00:34]} Ra3 {[%emt 0:00:56]} 60. Rxc4 {[%emt 0:00:12]} Rxf3 {[%emt 0:00:07]} 61. Ra4 {[%emt 0:00:42]} Rb3 {[%emt 0:01:47]} 62. Ke4 {[%emt 0:00:18]} Rb5 {[%emt 0:00:16]} 63. Ra7 {[%emt 0:00:11]} Rf5 {[%emt 0:00:23]} 64. Rb7 {[%emt 0:00:38]} Kf8 {[%emt 0:00:33]} 65. Ra7 {[%emt 0:00:27]} e5 {[%emt 0:04:41]} 66. fxe5 {[%emt 0:00:04]} Rxg5 {[%emt 0:00:03]} 67. Kf4 {[%emt 0:00:23]} Rf5+ {[%emt 0:00:56]} 68. Ke4 {[%emt 0:00:02]} Rf1 {[%emt 0:00:20]} 69. Ra2 {[%emt 0:01:29]} Kg7 {[%emt 0:00:21]} 70. Rg2 {[%emt 0:00:21]} Rd1 {[%emt 0:00:42]} 71. Kf4 {[%emt 0:00:27]} Kf8 {[%emt 0:00:11]} 72. e6 {[%emt 0:01:15]} Rf1+ {[%emt 0:00:49]} 73. Kg5 {[%emt 0:00:13]} Rf5+ {[%emt 0:00:06]} 74. Kg4 {[%emt 0:00:30]} fxe6 {[%emt 0:00:08]} 75. Ra2 {[%emt 0:00:16]} Kf7 {[%emt 0:00:09]} 76. Ra7+ {[%emt 0:00:22]} Kf6 {[%emt 0:00:14]} 77. Ra6 {[%emt 0:00:18]} g5 {[%emt 0:00:28]} 78. Ra4 {[%emt 0:00:17]} Rf1 {[%emt 0:00:46]} 79. Ra8 {[%emt 0:00:28]} Rg1+ {[%emt 0:00:10]} 80. Kf3 {[%emt 0:00:49]} Kf5 {[%emt 0:00:41]} 81. Rf8+ {[%emt 0:00:14]} Ke5 {[%emt 0:00:17]} 82. Ra8 {[%emt 0:00:16]} g4+ {[%emt 0:01:05]} 83. Kf2 {[%emt 0:00:10]} Rd1 {[%emt 0:00:04]} 84. Kg3 {[%emt 0:00:36]} Rd4 {[%emt 0:00:10]} 85. Rf8 {[%emt 0:00:27]} Kd5 {[%emt 0:01:36]} 86. Rd8+ {[%emt 0:00:25]} Kc4 {[%emt 0:00:31]} 87. Re8 {[%emt 0:00:33]} Re4 {[%emt 0:00:15]} 88. Rd8 {[%emt 0:00:15]} e5 {[%emt 0:00:16]} 89. Rd7 {[%emt 0:00:33]} Kc3 {[%emt 0:00:54]} 90. Rd5 {[%emt 0:00:23]} Kc4 {[%emt 0:00:37]} 91. Rd8 {[%emt 0:00:03]} Rd4 {[%emt 0:00:39]} 92. Rg8 {[%emt 0:00:38]} Kd3 {[%emt 0:00:25]} 93. Rg5 {[%emt 0:00:10]} e4 {[%emt 0:00:52]} 94. Kxg4 {[%emt 0:00:53]} Ke3 {[%emt 0:00:12]} 95. Kg3 {[%emt 0:01:16]} Rd1 {[%emt 0:00:44]} 96. Kg2 {[%emt 0:01:11]} Ke2 {[%emt 0:00:21]} 97. Ra5 {[%emt 0:00:50]} e3 {[%emt 0:00:14]} 98. Re5 {[%emt 0:01:20]} Rd6 {[%emt 0:02:36]} 99. Re8 {[%emt 0:00:43]} Rg6+ {[%emt 0:00:26]} 100. Kh2 {[%emt 0:00:03]} Rg5 {[%emt 0:00:21]} 101. Re7 {[%emt 0:00:31]} Kf3 {[%emt 0:00:21]} 102. Rf7+ {[%emt 0:00:20]} Ke4 {[%emt 0:00:14]} 103. Re7+ {[%emt 0:00:17]} Re5 {[%emt 0:00:02]} 104. Ra7 {[%emt 0:00:39]} e2 {[%emt 0:00:34]} 105. Ra1 {[%emt 0:00:21]} Kf3 {[%emt 0:00:12]} 106. Ra3+ {[%emt 0:01:15]} Kf2 {[%emt 0:00:37]} 107. Kh3 {[%emt 0:00:23]} Re3+ {[%emt 0:00:12]} 0-1

[Event "Torneo Benidorm Gran Hotel Bali - B 2022"]
[Site "Benidorm ESP"]
[Date "2022.12.08"]
[Round "7.6"]
[White "Castrillon Otero, Javier"]
[Black "Anguas Fanlo, Sergio"]
[Result "1/2-1/2"]
[WhiteElo "1972"]
[BlackElo "1884"]
[PlyCount "85"]
[EventDate "2022.12.03"]
[EventType "swiss"]
[EventRounds "9"]
[EventCountry "ESP"]
[SourceTitle "Ajedrez en Madrid"]
[Source "lmi"]
[SourceDate "2022.12.03"]
[SourceVersion "1"]
[SourceVersionDate "2022.12.10"]
[SourceQuality "1"]

1. d4 {[%emt 0:07:43]} Nf6 {[%emt 0:00:09]} 2. Nf3 {[%emt 0:00:51]} e6 {[%emt 0:00:12]} 3. Nbd2 {[%emt 0:00:55]} d5 {[%emt 0:01:39]} 4. e3 {[%emt 0:00:03]} c5 {[%emt 0:01:38]} 5. c3 {[%emt 0:00:05]} Nc6 {[%emt 0:00:36]} 6. Bd3 {[%emt 0:00:11]} Bd6 {[%emt 0:00:41]} 7. O-O {[%emt 0:00:11]} O-O {[%emt 0:00:46]} 8. dxc5 {[%emt 0:00:40]} Bxc5 {[%emt 0:00:21]} 9. e4 {[%emt 0:00:11]} b6 {[%emt 0:06:51]} 10. Qe2 {[%emt 0:04:00]} h6 {[%emt 0:09:37]} 11. e5 {[%emt 0:03:23]} Nd7 {[%emt 0:01:43]} 12. Nb3 {[%emt 0:02:28]} Qc7 {[%emt 0:01:21]} 13. Re1 {[%emt 0:01:03]} Bb7 {[%emt 0:01:36]} 14. Nbd4 {[%emt 0:12:44]} Bxd4 {[%emt 0:04:15]} 15. Nxd4 {[%emt 0:10:07]} Nc5 {[%emt 0:19:40]} 16. Bb1 {[%emt 0:05:47]} Ba6 {[%emt 0:02:15]} 17. Qg4 {[%emt 0:09:52]} f5 {[%emt 0:18:02]} 18. exf6 {[%emt 0:08:05]} Rxf6 {[%emt 0:00:10]} 19. Nxc6 {[%emt 0:11:53]} Qxc6 {[%emt 0:00:25]} 20. Be3 {[%emt 0:03:31]} e5 {[%emt 0:05:12]} 21. Bc2 {[%emt 0:03:15]} Nd3 {[%emt 0:02:25]} 22. Bxd3 {[%emt 0:03:16]} Bxd3 {[%emt 0:00:02]} 23. Rad1 {[%emt 0:00:11]} Rg6 {[%emt 0:04:11]} 24. Qh5 {[%emt 0:01:13]} d4 {[%emt 0:06:42]} 25. f3 {[%emt 0:01:18]} e4 {[%emt 0:00:54]} 26. Bxd4 {[%emt 0:03:45]} exf3 {[%emt 0:01:14]} 27. g3 {[%emt 0:03:00]} Be2 {[%emt 0:02:15]} 28. Rxe2 fxe2 29. Qxe2 {[%emt 0:00:02]} Re8 {[%emt 0:00:35]} 30. Qf2 {[%emt 0:01:52]} Rf8 {[%emt 0:01:13]} 31. Qe2 {[%emt 0:01:13]} Re6 {[%emt 0:04:16]} 32. Qg4 {[%emt 0:00:23]} Re7 {[%emt 0:00:20]} 33. a3 {[%emt 0:01:44]} Qc4 {[%emt 0:01:09]} 34. h4 {[%emt 0:01:27]} Ref7 {[%emt 0:00:33]} 35. Kh2 {[%emt 0:00:46]} Qc7 {[%emt 0:01:00]} 36. Re1 {[%emt 0:00:32]} Re7 {[%emt 0:00:54]} 37. Re6 {[%emt 0:00:37]} Rxe6 {[%emt 0:01:00]} 38. Qxe6+ {[%emt 0:00:02]} Kh8 {[%emt 0:00:20]} 39. Qxh6+ {[%emt 0:00:09]} Kg8 {[%emt 0:00:06]} 40. Qe6+ {[%emt 0:00:24]} Kh7 {[%emt 0:00:29]} 41. Qe4+ {[%emt 0:00:19]} Kg8 {[%emt 0:00:02]} 42. Qe6+ {[%emt 0:00:06]} Kh7 {[%emt 0:00:07]} 43. Qh3 {[%emt 0:00:41]} 1/2-1/2

[Event "Torneo Benidorm Gran Hotel Bali - B 2022"]
[Site "Benidorm ESP"]
[Date "2022.12.08"]
[Round "7.7"]
[White "Aragon Gutierrez, Alejandro"]
[Black "Dura Olmos, Gines Raul"]
[Result "0-1"]
[WhiteElo "1848"]
[BlackElo "1998"]
[PlyCount "126"]
[EventDate "2022.12.03"]
[EventType "swiss"]
[EventRounds "9"]
[EventCountry "ESP"]
[SourceTitle "Ajedrez en Madrid"]
[Source "lmi"]
[SourceDate "2022.12.03"]
[SourceVersion "1"]
[SourceVersionDate "2022.12.10"]
[SourceQuality "1"]

1. c4 {[%emt 0:03:58]} g6 {[%emt 0:00:20]} 2. g3 {[%emt 0:00:51]} Bg7 {[%emt 0:00:20]} 3. Bg2 {[%emt 0:00:33]} c5 {[%emt 0:00:18]} 4. Nc3 {[%emt 0:00:32]} Nc6 {[%emt 0:00:40]} 5. Nf3 {[%emt 0:00:18]} d6 {[%emt 0:00:21]} 6. O-O {[%emt 0:00:34]} e5 {[%emt 0:01:44]} 7. d3 {[%emt 0:00:31]} Nge7 {[%emt 0:00:29]} 8. a3 {[%emt 0:04:00]} a5 {[%emt 0:00:28]} 9. Rb1 {[%emt 0:00:34]} O-O {[%emt 0:01:37]} 10. Bg5 {[%emt 0:01:18]} f6 {[%emt 0:02:03]} 11. Bd2 {[%emt 0:00:31]} f5 {[%emt 0:01:43]} 12. Qc1 {[%emt 0:06:27]} Kh8 {[%emt 0:05:17]} 13. Bh6 {[%emt 0:09:28]} Be6 {[%emt 0:02:07]} 14. Bxg7+ {[%emt 0:03:53]} Kxg7 {[%emt 0:00:15]} 15. b3 {[%emt 0:06:18]} h6 {[%emt 0:02:56]} 16. Ne1 {[%emt 0:01:48]} f4 {[%emt 0:02:25]} 17. Nc2 {[%emt 0:06:18]} Nf5 {[%emt 0:34:11]} 18. b4 {[%emt 0:09:23]} cxb4 {[%emt 0:05:58]} 19. axb4 {[%emt 0:01:04]} a4 {[%emt 0:00:06]} 20. Ra1 {[%emt 0:05:32]} Nfd4 {[%emt 0:00:57]} 21. Qb2 {[%emt 0:09:36]} Nxc2 {[%emt 0:05:37]} 22. Qxc2 {[%emt 0:02:37]} Nd4 {[%emt 0:00:04]} 23. Qb2 {[%emt 0:01:13]} Qd7 {[%emt 0:01:38]} 24. b5 {[%emt 0:02:44]} f3 {[%emt 0:03:14]} 25. exf3 {[%emt 0:06:15]} Nxf3+ {[%emt 0:00:05]} 26. Kh1 {[%emt 0:01:16]} Bh3 {[%emt 0:01:23]} 27. Qe2 {[%emt 0:04:43]} Bxg2+ {[%emt 0:03:20]} 28. Kxg2 {[%emt 0:00:08]} Ng5 {[%emt 0:00:04]} 29. f3 {[%emt 0:02:28]} Rf7 {[%emt 0:01:25]} 30. Rf2 {[%emt 0:05:12]} Raf8 {[%emt 0:00:06]} 31. Raf1 {[%emt 0:01:04]} Nh3 {[%emt 0:00:23]} 32. Nxa4 {[%emt 0:00:51]} Nxf2 {[%emt 0:08:16]} 33. Rxf2 {[%emt 0:00:05]} Qc7 {[%emt 0:00:06]} 34. Nc3 {[%emt 0:00:36]} Qc5 {[%emt 0:00:20]} 35. Qe4 {[%emt 0:01:42]} Ra8 {[%emt 0:01:09]} 36. Nd5 {[%emt 0:01:12]} Ra3 {[%emt 0:00:47]} 37. h4 {[%emt 0:02:04]} h5 {[%emt 0:00:30]} 38. Re2 {[%emt 0:00:40]} Ra1 {[%emt 0:02:01]} 39. Rf2 {[%emt 0:00:24]} Qa3 {[%emt 0:00:46]} 40. Qe3 {[%emt 0:01:08]} Rd1 {[%emt 0:00:55]} 41. Rd2 {[%emt 0:00:39]} Rb1 {[%emt 0:02:21]} 42. Re2 {[%emt 0:00:39]} Qa1 {[%emt 0:00:10]} 43. f4 {[%emt 0:00:22]} Rh1 {[%emt 0:01:05]} 44. Rf2 {[%emt 0:00:46]} Qg1+ {[%emt 0:01:55]} 45. Kf3 {[%emt 0:00:06]} Rh3 {[%emt 0:00:20]} 46. Rg2 {[%emt 0:00:36]} Qf1+ {[%emt 0:00:50]} 47. Rf2 {[%emt 0:00:34]} Qd1+ {[%emt 0:01:45]} 48. Qe2 {[%emt 0:00:20]} Qh1+ {[%emt 0:02:22]} 49. Rg2 {[%emt 0:00:11]} g5 {[%emt 0:00:09]} 50. hxg5 {[%emt 0:00:55]} h4 {[%emt 0:00:04]} 51. Kg4 {[%emt 0:00:35]} hxg3 {[%emt 0:00:32]} 52. Qb2 {[%emt 0:00:47]} Rh2 {[%emt 0:02:28]} 53. Kxg3 {[%emt 0:00:22]} Rxg2+ {[%emt 0:00:12]} 54. Qxg2 {[%emt 0:00:15]} exf4+ {[%emt 0:00:05]} 55. Kf3 {[%emt 0:00:24]} Qd1+ {[%emt 0:01:17]} 56. Qe2 {[%emt 0:00:26]} Qh1+ {[%emt 0:00:44]} 57. Qg2 {[%emt 0:00:17]} Qh5+ {[%emt 0:00:05]} 58. Kf2 {[%emt 0:01:08]} Rf5 {[%emt 0:02:25]} 59. Qf3 {[%emt 0:00:38]} Qh2+ {[%emt 0:00:57]} 60. Qg2 {[%emt 0:00:29]} Qh4+ {[%emt 0:00:45]} 61. Kf1 {[%emt 0:00:27]} Re5 {[%emt 0:00:52]} 62. Qf3 {[%emt 0:00:34]} Re1+ {[%emt 0:00:36]} 63. Kg2 {[%emt 0:00:07]} Qh1+ {[%emt 0:00:13]} 0-1

[Event "Torneo Benidorm Gran Hotel Bali - B 2022"]
[Site "Benidorm ESP"]
[Date "2022.12.08"]
[Round "7.8"]
[White "Hall, Rachid"]
[Black "Lloret Climent, Miguel"]
[Result "1-0"]
[WhiteElo "1873"]
[BlackElo "1952"]
[PlyCount "61"]
[EventDate "2022.12.03"]
[EventType "swiss"]
[EventRounds "9"]
[EventCountry "ESP"]
[SourceTitle "Ajedrez en Madrid"]
[Source "lmi"]
[SourceDate "2022.12.03"]
[SourceVersion "1"]
[SourceVersionDate "2022.12.10"]
[SourceQuality "1"]

1. Nc3 {[%emt 0:05:03]} c5 {[%emt 0:01:27]} 2. Nf3 {[%emt 0:02:42]} e6 {[%emt 0:00:27]} 3. d4 {[%emt 0:00:47]} cxd4 {[%emt 0:00:47]} 4. Nxd4 {[%emt 0:03:09]} a6 {[%emt 0:01:09]} 5. g4 {[%emt 0:05:41]} Nc6 {[%emt 0:05:11]} 6. Bg2 {[%emt 0:01:23]} d5 {[%emt 0:01:55]} 7. Nxc6 {[%emt 0:08:32]} bxc6 {[%emt 0:02:44]} 8. O-O {[%emt 0:01:27]} e5 {[%emt 0:04:44]} 9. e4 {[%emt 0:10:11]} d4 {[%emt 0:02:33]} 10. Na4 {[%emt 0:01:45]} Bd7 {[%emt 0:02:46]} 11. b3 {[%emt 0:01:18]} g5 {[%emt 0:10:17]} 12. c4 {[%emt 0:03:04]} c5 {[%emt 0:03:17]} 13. Nb2 {[%emt 0:00:03]} Qc8 {[%emt 0:02:24]} 14. Nd3 {[%emt 0:02:41]} f6 {[%emt 0:02:45]} 15. h3 {[%emt 0:02:27]} h5 {[%emt 0:01:10]} 16. f3 {[%emt 0:00:05]} Bd6 {[%emt 0:02:05]} 17. Bd2 {[%emt 0:00:48]} a5 {[%emt 0:06:27]} 18. Qc1 {[%emt 0:01:01]} Qd8 {[%emt 0:12:30]} 19. h4 {[%emt 0:07:16]} hxg4 {[%emt 0:03:15]} 20. hxg5 {[%emt 0:00:18]} g3 {[%emt 0:02:18]} 21. f4 {[%emt 0:00:52]} fxg5 {[%emt 0:08:47]} 22. fxe5 {[%emt 0:01:24]} Qe7 {[%emt 0:01:20]} 23. exd6 {[%emt 0:12:32]} Qh7 {[%emt 0:00:27]} 24. Rf5 {[%emt 0:02:48]} Bxf5 {[%emt 0:06:31]} 25. exf5 {[%emt 0:00:03]} O-O-O {[%emt 0:04:50]} 26. Qa3 {[%emt 0:02:39]} Rxd6 {[%emt 0:05:51]} 27. Qxc5+ {[%emt 0:00:55]} Qc7 {[%emt 0:00:20]} 28. Qe5 {[%emt 0:00:45]} Nf6 {[%emt 0:01:39]} 29. Bxa5 {[%emt 0:01:22]} Qd7 {[%emt 0:01:09]} 30. Nc5 {[%emt 0:02:18]} Re8 {[%emt 0:02:10]} 31. Nxd7 {[%emt 0:02:05]} 1-0

[Event "Torneo Benidorm Gran Hotel Bali - B 2022"]
[Site "Benidorm ESP"]
[Date "2022.12.08"]
[Round "7.9"]
[White "Sanchez Crespo, David"]
[Black "Pardo Ruiz, Carlos"]
[Result "0-1"]
[WhiteElo "1947"]
[BlackElo "1874"]
[PlyCount "52"]
[EventDate "2022.12.03"]
[EventType "swiss"]
[EventRounds "9"]
[EventCountry "ESP"]
[SourceTitle "Ajedrez en Madrid"]
[Source "lmi"]
[SourceDate "2022.12.03"]
[SourceVersion "1"]
[SourceVersionDate "2022.12.10"]
[SourceQuality "1"]

1. d4 {[%emt 0:01:27]} d5 {[%emt 0:00:24]} 2. c4 {[%emt 0:00:20]} e6 {[%emt 0:00:21]} 3. Nc3 {[%emt 0:00:07]} c5 {[%emt 0:00:38]} 4. cxd5 {[%emt 0:01:41]} exd5 {[%emt 0:00:22]} 5. Nf3 {[%emt 0:04:25]} Nc6 {[%emt 0:00:55]} 6. e3 {[%emt 0:01:00]} Nf6 {[%emt 0:01:27]} 7. Be2 {[%emt 0:01:52]} Be7 {[%emt 0:03:33]} 8. O-O {[%emt 0:00:48]} O-O {[%emt 0:02:01]} 9. b3 {[%emt 0:05:37]} Ne4 {[%emt 0:04:54]} 10. Bb2 {[%emt 0:07:55]} Bf6 {[%emt 0:01:40]} 11. Na4 {[%emt 0:11:38]} Bf5 {[%emt 0:05:53]} 12. dxc5 {[%emt 0:10:43]} Bxb2 {[%emt 0:01:14]} 13. Nxb2 {[%emt 0:00:05]} Qf6 {[%emt 0:14:12]} 14. Na4 {[%emt 0:08:21]} Rad8 {[%emt 0:05:43]} 15. Nd4 {[%emt 0:05:51]} Nxd4 {[%emt 0:01:20]} 16. Qxd4 {[%emt 0:00:50]} Qg6 {[%emt 0:00:14]} 17. Kh1 {[%emt 0:03:35]} Qh6 {[%emt 0:01:24]} 18. Nb2 {[%emt 0:05:49]} Rfe8 {[%emt 0:02:05]} 19. Nd3 {[%emt 0:00:15]} Nd2 {[%emt 0:00:32]} 20. Rg1 {[%emt 0:19:59]} Re4 {[%emt 0:00:43]} 21. Qb2 {[%emt 0:01:05]} Rh4 {[%emt 0:00:33]} 22. Qe5 {[%emt 0:00:13]} f6 {[%emt 0:01:18]} 23. Qc7 {[%emt 0:01:31]} Rc8 {[%emt 0:00:45]} 24. Qd6 {[%emt 0:02:00]} Ne4 {[%emt 0:00:33]} 25. Qxd5+ {[%emt 0:01:19]} Kh8 {[%emt 0:00:14]} 26. h3 {[%emt 0:00:55]} Rxh3+ {[%emt 0:00:05]} 0-1

[Event "Torneo Benidorm Gran Hotel Bali - B 2022"]
[Site "Benidorm ESP"]
[Date "2022.12.08"]
[Round "7.10"]
[White "Diaz Nieto, Alberto"]
[Black "Lorenzo Calvo, Damian Angel"]
[Result "0-1"]
[WhiteElo "1902"]
[BlackElo "1859"]
[PlyCount "78"]
[EventDate "2022.12.03"]
[EventType "swiss"]
[EventRounds "9"]
[EventCountry "ESP"]
[SourceTitle "Ajedrez en Madrid"]
[Source "lmi"]
[SourceDate "2022.12.03"]
[SourceVersion "1"]
[SourceVersionDate "2022.12.10"]
[SourceQuality "1"]

1. d4 {[%emt 0:03:33]} Nf6 {[%emt 0:00:12]} 2. c4 {[%emt 0:00:11]} c5 {[%emt 0:00:20]} 3. d5 {[%emt 0:00:08]} e6 {[%emt 0:00:15]} 4. Nc3 {[%emt 0:00:07]} exd5 {[%emt 0:00:20]} 5. cxd5 {[%emt 0:00:09]} g6 {[%emt 0:00:11]} 6. e4 {[%emt 0:00:09]} d6 {[%emt 0:00:14]} 7. f4 {[%emt 0:00:18]} Bg7 {[%emt 0:00:46]} 8. Bd3 {[%emt 0:00:45]} O-O {[%emt 0:01:14]} 9. Nf3 {[%emt 0:00:20]} Re8 {[%emt 0:02:30]} 10. O-O {[%emt 0:00:12]} c4 {[%emt 0:01:01]} 11. Bc2 {[%emt 0:05:05]} Qc7 {[%emt 0:04:16]} 12. h3 {[%emt 0:04:44]} b5 {[%emt 0:03:34]} 13. Re1 {[%emt 0:03:42]} b4 {[%emt 0:04:21]} 14. Nb1 {[%emt 0:01:28]} Bb7 {[%emt 0:02:15]} 15. Nbd2 {[%emt 0:12:00]} Nbd7 {[%emt 0:03:33]} 16. Nf1 {[%emt 0:06:54]} Nc5 {[%emt 0:03:30]} 17. Ng3 {[%emt 0:00:53]} a5 {[%emt 0:02:49]} 18. Bd2 {[%emt 0:06:57]} Qb6 {[%emt 0:09:27]} 19. Be3 {[%emt 0:02:39]} Qb5 {[%emt 0:00:30]} 20. Nd4 {[%emt 0:01:42]} Qd7 {[%emt 0:01:25]} 21. Bf2 {[%emt 0:01:08]} h5 {[%emt 0:02:44]} 22. Qf3 {[%emt 0:02:20]} Re7 {[%emt 0:05:15]} 23. Re2 {[%emt 0:12:54]} Rae8 {[%emt 0:02:35]} 24. Rae1 {[%emt 0:00:43]} a4 {[%emt 0:02:18]} 25. Ndf5 {[%emt 0:06:22]} gxf5 {[%emt 0:02:50]} 26. Nxf5 {[%emt 0:01:55]} Rxe4 {[%emt 0:02:23]} 27. Bxe4 {[%emt 0:05:09]} Ncxe4 {[%emt 0:02:22]} 28. Nxg7 {[%emt 0:02:51]} Kxg7 {[%emt 0:00:21]} 29. Rxe4 {[%emt 0:00:26]} Rxe4 {[%emt 0:06:48]} 30. Rxe4 {[%emt 0:01:15]} Nxe4 {[%emt 0:00:28]} 31. Qxe4 {[%emt 0:00:02]} Qb5 {[%emt 0:01:20]} 32. Bd4+ {[%emt 0:01:08]} Kf8 {[%emt 0:01:57]} 33. Qh7 {[%emt 0:09:00]} Qxd5 {[%emt 0:00:53]} 34. Qg7+ {[%emt 0:00:04]} Ke7 {[%emt 0:00:31]} 35. Qf6+ {[%emt 0:02:03]} Kd7 {[%emt 0:00:20]} 36. Qg7 {[%emt 0:00:18]} Qf5 {[%emt 0:02:35]} 37. g3 {[%emt 0:01:26]} Bd5 {[%emt 0:01:45]} 38. Kf2 {[%emt 0:04:25]} Qxh3 {[%emt 0:00:19]} 39. Qg8 {[%emt 0:00:50]} Qg2+ {[%emt 0:00:15]} 0-1